000 00881nam a22001937a 4500
008 241223s2024 xxk|||||o|||| 00| 0 eng d
041 _aeng
110 _aRoyal Institution of Chartered Surveyors
245 _aRICS influence, advocacy and thought leadership across the UK
_bImpact Report 2024
_h[Electronic resource]
260 _aLondon,
_bRoyal Institution of Chartered Surveyors,
_cDecember 2024
300 _a31p
490 _aRICS Impact Report
520 _aThe RICS Impact Report 2024 has been published, providing a comprehensive overview of our influence, advocacy and thought leadership activity across the UK.
651 _aUnited Kingdom
690 _96277
_aRICS
710 _aRoyal Institution of Chartered Surveyors
856 _uhttps://www.rics.org/content/dam/ricsglobal/documents/reports/Impact-Report-2024.pdf
_zAvailable free on RICS.org
942 _n0
999 _c122076
_d122076